|
|
|
|
| LEADER |
00000cam a2200000 a 4500 |
| 001 |
vtls011606014 |
| 003 |
SK-MaSNL |
| 005 |
20260301181246.0 |
| 008 |
170124s2017 xo a f u 000 0 slo |
| 015 |
|
|
|a SNBN2017
|
| 040 |
|
|
|a SNK
|b slo
|c SNK
|e AACR2
|
| 041 |
0 |
|
|a slo
|
| 044 |
|
|
|a xo
|c SK
|
| 046 |
|
|
|a s
|m 20170101 (účin.)
|
| 072 |
|
7 |
|a 683
|x Železiarstvo. Zámočníctvo. Ohrievacie zariadenia
|2 konspekt
|2 konspekt
|
| 072 |
|
7 |
|a 662
|x Výbušniny. Palivá
|2 konspekt
|
| 080 |
|
|
|a 683.93
|2 2001
|
| 080 |
|
|
|a 006.7/.8
|2 2001
|
| 080 |
|
|
|a (437.6)
|2 2001
|
| 080 |
|
|
|a 662.71/.74
|2 2011
|
| 080 |
|
|
|a (083.742)
|2 2011
|
| 080 |
|
|
|a 683.9
|2 2001
|
| 084 |
|
|
|a 97.100.30
|2 ICS
|
| 245 |
0 |
0 |
|a STN 06 1219: 2017, Individuálne zhotovené krby na tuhé palivo
|
| 246 |
1 |
0 |
|a Individuálne zhotovené krby na tuhé palivo
|
| 260 |
|
|
|a Bratislava
|b Úrad pre normalizáciu, metrológiu a skúšobníctvo Slovenskej republiky
|c 2017
|
| 300 |
|
|
|a 24 s.
|b obr.
|c 30 cm
|
| 500 |
|
|
|a Spracovateľ: Cech kachliarov Banská Bystrica, Martin Tršo
|
| 500 |
|
|
|a Súbežný názov anglicky, nemecky a francúzsky
|
| 504 |
|
|
|a Literatúra s. 23
|
| 540 |
|
|
|a STN vydané na akomkoľvek nosiči sa môžu rozmnožovať a rozširovať iba so súhlasom určenej právnickej osoby
|b SÚTN Bratislava
|c zákon 264/1999 Z. z.
|
| 650 |
0 |
7 |
|a kozuby
|2 SNKPH
|9 29816
|
| 650 |
0 |
7 |
|a technické normy a štandardy
|z Slovensko
|2 SNKPH
|9 79594
|
| 650 |
0 |
7 |
|a Fireplaces
|2 SNKeng
|9 476453
|
| 650 |
0 |
7 |
|a tuhé palivá
|2 SNKPH
|9 50879
|
| 650 |
0 |
7 |
|a vykurovacie zariadenia
|2 SNKPH
|9 88199
|
| 650 |
0 |
7 |
|a Solid fuels
|2 SNKeng
|9 327793
|
| 650 |
0 |
7 |
|a heaters
|2 SNKeng
|9 327795
|
| 655 |
|
7 |
|a normy
|2 SNKPH
|9 70643
|
| 700 |
1 |
|
|a Tršo, Martin
|4 aut
|9 553573
|
| 710 |
1 |
|
|a Slovensko.
|b Úrad pre normalizáciu, metrológiu a skúšobníctvo
|4 stn
|9 158117
|
| 710 |
2 |
|
|a Slovenský ústav technickej normalizácie (Bratislava, Slovensko).
|b Technická komisia č. 97 Komíny
|4 stn
|9 322816
|
| 710 |
2 |
|
|a Cech kachliarov (Banská Bystrica, Slovensko)
|4 aut
|9 553574
|
| 852 |
|
|
|a Štátna vedecká knižnica v Banskej Bystrici
|
| 958 |
|
|
|a NB
|
| 999 |
|
|
|c 849325
|d 851255
|
| 952 |
|
|
|a SNK
|b SNK
|y PREZ
|7 0
|p 17A1252438
|o snkSTN 06 1219
|i snk2017/3179
|8 0
|0 0
|1 0
|4 0
|d 2017-02-03
|l 0
|r 2026-02-24 04:37:16
|w 2026-02-24
|
| 952 |
|
|
|a SNK
|b SNK
|y PREZ
|7 0
|p 17A1252439
|o snkSTN 06 1219 D1
|i snk2017/3180
|8 0
|0 0
|1 0
|4 0
|d 2017-02-03
|l 0
|r 2026-02-24 04:37:16
|w 2026-02-24
|